Plány firiem na rok 2024
Zdá sa, že Slovákom svitá na lepšie časy - v roku 2024 SR zrejme veľké prepúšťanie nehrozí a mzdy by mali naďalej rásť. Drvivá väčšina zamestnávateľov chce buď prijímať nových ľudí, alebo aspoň zachovať súčasný počet zamestnancov.
Salvato in:
| Autore principale: | |
|---|---|
| Natura: | Capitolo di libro |
| Lingua: | slovacco |
| Soggetti: | |
| Tags: |
Nessun Tag, puoi essere il primo ad aggiungerne!!
|
MARC
| LEADER | 00000naa a2200000 4500 | ||
|---|---|---|---|
| 001 | 0300230 | ||
| 005 | 20240502102616.9 | ||
| 041 | 0 | |a slo | |
| 044 | |a SK | ||
| 245 | 1 | 0 | |a Plány firiem na rok 2024 |c Gabriela Alenová |
| 520 | |a Zdá sa, že Slovákom svitá na lepšie časy - v roku 2024 SR zrejme veľké prepúšťanie nehrozí a mzdy by mali naďalej rásť. Drvivá väčšina zamestnávateľov chce buď prijímať nových ľudí, alebo aspoň zachovať súčasný počet zamestnancov. | ||
| 610 | 2 | 0 | |a prepúšťanie pracovníkov |
| 610 | 2 | 0 | |a plán podnikateľský |
| 610 | 2 | 0 | |a mzdy |
| 610 | 2 | 0 | |a zamestnanci |
| 610 | 2 | 0 | |a zamestnávatelia |
| 100 | 1 | |a Alenová, Gabriela | |